000 013370000a22003250004500
999 _c45462
_d45462
001 19087
003 CO-MdFUSB
005 20180622170011.0
008 171211t1996 enk||||f |||| 00| 0 eng d
020 _a0-281-04945-9
040 _aCO-MdFUSB
_bspa
_cCO-MdFUSB
_dCO-MdFUSB
_erda
041 _aeng
082 _224
_aG 261.55
_bP769s
100 1 _aPolkinghorne, John
_eautor
242 _aCientíficos como teólogos
_b: una comparación de los escritos de Ian Barbour, Arthur Peacocke y John Polkinghorne
_lInglés
245 1 0 _aScientists as theologians
_b: A comparison of the writings of Ian Barbour, Arthur Peacocke and John Polkinghorne
_c/ John Polkinghorne
264 1 _aLondon :
_bSPCK,
_c℗1996
264 4 _c©1996
300 _axi, 96 páginas
_b:
_c;
336 _2rdacontent
_atexto
_btxt
337 _2rdamedia
_asin mediación
_bn
338 _2rdacarrier
_avolumen
_bnc
501 _aIncluye índice (p. 95- 96)
504 _aNotas (p. 87- 94)
505 0 0 _aCientíficos como teólogos: Una comparación de los escritos de Ian Barbour, Arthur Peacocke y John Polkinghorne - El realismo crítico - La agencia - La creación - Religiones del mundo - La creencia cristiana - ¿Consonancia o asimilación?
563 _aRústico
650 7 _9259
_aReligión y ciencia
942 _cBK